000
00334nam a22001457a 4500
008
210602b ||||| |||| 00| 0 eng d
020
_a
9780815128564
041
_a
eng
080
_2
5th
_a
616.073
082
_a
616.073
100
_a
6
101
_a
RAD
245
_a
Patient Care in Radiography
_c
Ruth A. Ehrlich
942
_2
udc
_c
BK
999
_c
57879
_d
57879